000 00724nam a2200217 a 4500
003 MX-MxUPN
005 20240703091015.0
008 991125s1937 sp r 000 0 spa d
035 _aUPN01000027603
040 _aMX-MxUPN
_bspa
_cMX-MxUPN
041 0 _aspa
050 1 4 _aLB3405
_bB8.38 1937
100 1 _aBurgerstein, Leo,
_d1853-1928
_936189
245 1 0 _aHigiene escolar
260 _aBarcelona :
_bLabor,
_c1937.
300 _a223 páginas
490 0 _aLabor. Biblioteca de iniciación cultural. Educación ;
_v204
650 4 _aHigiene escolar
_915543
700 1 _aJaumandreu, Eugenio
_952643
_enotas
_etraducción
710 2 _aInstituto Federal de Capacitación del Magisterio (México)
_928505
_epropietario anterior
999 _c27603
_d27603